000 00905nam a2200241 a 4500
001 70916
003 BD-RjUL
005 20211209082044.0
008 170422s2007 b a|||| |||| 00| 0 ben d
020 _a9840745875
_c : Tk. 210
035 _a(BD-RjUL)71130
040 _aBD-RjUL
_bben
_cBD-RjUL
_dBD-RjUL
041 _aben
082 _223
_a639.2071
_bDAM 2007
100 1 0 _aদাশ, বিষ্ণু
_9157000
245 1 0 _aমৎস সম্প্রসারণ শিক্ষা = (Fisheries Extension Education) /
_cবিষ্ণু দাস
260 _aঢাকা :
_bবাংলা একাডেমী,
_c২০০৭
300 _a৫০৩ পৃ. :
_bচিত্র ;
_c২১ সেমি.
650 _aমৎস্য--শিক্ষা
_9209872
650 _aFisheries--education
_9209871
700 _aদাশ, উত্তম কুমার
_9165222
942 _2ddc
_cBK
999 _c70916
_d70916